000 02063nam a2200253Ia 4500
003 Ost
005 20260416102351.0
008 260416s9999||||xx |||||||||||||| ||und||
040 _cfsecg
041 _aara
082 _a332.632042
100 _aرفاع، توفيق
_eمؤلف
245 0 _aدروس وتمارين تطبيقية في مقياس التسيير المالي للمؤسسة /
_c توفيق رفاع
260 _aالجزائر
_bجامعة الجزائر3: كلية العلوم الإقتصادية، العلوم التجارية وعلوم التسيير
_c2016
300 _a117 ورقة
_bايضاحات
_c30 سم
504 _aمراجع ص.115
520 _aمفهوم التسيير المالي للمؤسسةن التحليل والتشخيص المالي،مفهوم التحليل والتشخيص المالي، تحليل الميزانية ومؤشرات التوازن المالي، تحليل جدول النتائج، طاقة التمويل الذاتي(CAF)والتمويل الذاتي (AF) التعمق في التحليل المالي للمؤسسة بالاستعانة بطريقة النسب، تحليل المردودية والرافعة المالية، تحليل التدفقات المالية للمؤسسة (قرار التمويل والاستثمار)، مفهوم التسيير (التخطيط) المالي للقرارات الاستراتيجية (الاستثمار والتمويل)، التسيير المالي للاحتياجات التمويل، التسيير المالي لقرار الاستثمار،أساليب التقييم للمشروع الاستثماري في ظروف المخاطرة وعدم التأكد، تكلفة رأس المال
653 _aالاستثمار
653 _aالتخطيط
653 _aالتسيير المالي
653 _aالميزانية-تحليل
710 _aجامعة الجزائر3: كلية العلوم الإقتصادية، العلوم التجارية وعلوم التسيير
_eناشر علمي
942 _cHANDOUT
999 _c41001
_d41001